| 000 | 01405nam a2200349Ia 4500 | ||
|---|---|---|---|
| 001 | ebr10227034 | ||
| 003 | CaPaEBR | ||
| 006 | m u | ||
| 007 | cr cn||||||||| | ||
| 008 | 071022s2007 caua sb 000 0 eng d | ||
| 010 | _z 2007044048 | ||
| 020 | _z9780833042095 (pbk.) | ||
| 020 | _z0833042092 (pbk.) | ||
| 020 | _z9780833044327 | ||
| 040 |
_aCaPaEBR _cCaPaEBR |
||
| 035 | _a(OCoLC)234308996 | ||
| 050 | 1 | 4 |
_aUG633 _b.L258 2007eb |
| 100 | 1 | _aLambeth, Benjamin S. | |
| 245 | 1 | 0 |
_aCombat pair _h[electronic resource] : _bthe evolution of Air Force-Navy integration in strike warfare / _cBenjamin S. Lambeth. |
| 260 |
_aSanta Monica, CA : _bRAND Corp., _cc2007. |
||
| 300 |
_axxii, 105 p. : _bill. |
||
| 504 | _aIncludes bibliographical references (p. [99]-105). | ||
| 533 |
_aElectronic reproduction. _bPalo Alto, Calif. : _cebrary, _d2009. _nAvailable via World Wide Web. _nAccess may be limited to ebrary affiliated libraries. |
||
| 610 | 1 | 0 |
_aUnited States. _bAir Force. |
| 610 | 1 | 0 |
_aUnited States. _bMarine Corps _xAviation. |
| 610 | 1 | 0 |
_aUnited States. _bNavy _xAviation. |
| 650 | 0 |
_aAir warfare _zUnited States _xHistory. |
|
| 650 | 0 | _aUnified operations (Military science) | |
| 655 | 7 |
_aElectronic books. _2local |
|
| 710 | 2 | _aebrary, Inc. | |
| 856 | 4 | 0 |
_uhttp://site.ebrary.com/lib/rucke/Doc?id=10227034 _zAn electronic book accessible through the World Wide Web; click to view |
| 999 |
_c27562 _d27562 |
||